LEADER 02172nam 2200517I 450 001 9910709789403321 005 20180618070715.0 035 $a(CKB)5470000002472349 035 $a(OCoLC)1040693355 035 $a(EXLCZ)995470000002472349 100 $a20180618j200612 ua 0 101 0 $aeng 135 $aur||||||||||| 181 $ctxt$2rdacontent 182 $cc$2rdamedia 183 $acr$2rdacarrier 200 10$aLong-Term Pavement Performance Program $efalling weight deflectometer maintenance manual /$fRobin Belt, Tyler Morrison, Eric Weaver 210 1$aMcLean, VA :$cU.S. Department of Transportation, Federal Highway Adminstration, Research, Development, and Technology, Turner-Fairbank Highway Research Center,$dDecember 2006. 215 $a1 online resource (91 unnumbered pages) $ccolor illustrations 300 $a"Publication no. FHWA-HRT-05-153." 300 $a"December 2006." 300 $a"HRDI-13/12-06(1M)E"--Page 91. 300 $a"Performing organization: Fugro Consultants, LP"--Report documentation page. 300 $a"Contracting Officer's Technical Representative: Jack Springer"--Report documentation page. 300 $aIncludes a table and an appendix. 517 $aLong-Term Pavement Performance Program 606 $aPavements$xTesting$xInstruments$vHandbooks, manuals, etc 606 $aPavements$xLive loads$xTesting$vHandbooks, manuals, etc 606 $aPavements$xPerformance$vHandbooks, manuals, etc 608 $aHandbooks and manuals.$2lcgft 615 0$aPavements$xTesting$xInstruments 615 0$aPavements$xLive loads$xTesting 615 0$aPavements$xPerformance 700 $aBelt$b Robin$01401478 701 $aSpringer$b Jack$01401479 702 $aMorrison$b Tyler 702 $aWeaver$b Eric 712 02$aFugro Consultants (Firm) 712 02$aTurner-Fairbank Highway Research Center, 712 02$aUnited States.$bFederal Highway Administration.$bOffice of Infrastructure Research and Development, 801 0$bGPO 801 1$bGPO 906 $aBOOK 912 $a9910709789403321 996 $aLong-Term Pavement Performance Program$93470258 997 $aUNINA LEADER 02996nam 2200565 450 001 9910825563803321 005 20231107055317.0 010 $a1-119-04639-4 010 $a1-119-17626-3 035 $a(CKB)4330000000009097 035 $a(EBL)4696320 035 $a(DLC) 2016026081 035 $a(Au-PeEL)EBL4696320 035 $a(CaPaEBR)ebr11270407 035 $a(CaSebORM)9781119046325 035 $a(MiAaPQ)EBC4696320 035 $a(OCoLC)951190310 035 $a(EXLCZ)994330000000009097 100 $a20161007h20162016 uy 0 101 0 $aeng 135 $aur|n|---||||| 181 $2rdacontent 182 $2rdamedia 183 $2rdacarrier 200 10$aMichael Allen's guide to e-learning $ebuilding interactive, fun, and effective learning programs for any company /$fMichael W. Allen 205 $aSecond edition. 210 1$aHoboken, New Jersey :$cWiley,$d2016. 210 4$dİ2016 215 $a1 online resource (433 p.) 225 1 $aTHEi Wiley ebooks 300 $aDescription based upon print version of record. 311 $a1-119-04632-7 320 $aIncludes bibliographical references and index. 327 $aCover; Title Page; Copyright; Contents; Foreword by Tony Bingham; Preface; Acknowledgments; Chapter 1 What's New?; Part I The Business Perspective; Chapter 2 Plain Talk; Chapter 3 What You Don't Know Can Kill (Your e-Learning); Chapter 4 Making Success Possible; Chapter 5 Executive's Guide to Good e-Learning; Chapter 6 Where Does e-Learning Fit?; Part II Great e-Learning Design; Chapter 7 Seven Simple Success Strategies; Chapter 8 The Serious e-Learning Manifesto; Chapter 9 Motivation in Learning; Chapter 10 Seven Magic Keys to Motivational e-Learning 327 $aMagic Key 1: Build on Anticipated OutcomesMagic Key 2: Put the Learner at Risk; Magic Key 3: Select the Right Content for Each Learner; Magic Key 4: Use an Appealing Context; Magic Key 5: Have the Learner Perform Multistep Tasks; Magic Key 6: Provide Intrinsic Feedback; Magic Key 7: Delay Judgment; Chapter 11 Navigation; Chapter 12 CCAF and Interactive Instruction; Chapter 13 Interactivity Paradigms That Work; Chapter 14 Successive Approximation and SAM; Part III Serious Learning Games; Chapter 15 Serious Learning Games: Where Rules Rule; Chapter 16 Integrating Instructional Content and Games 327 $aChapter 17 Learning Games, Serious or Not?About the Author; References; Additional Resources; Index; EULA 410 0$aTHEi Wiley ebooks. 606 $aEmployees$xTraining of 606 $aEmployees$xTraining of$xComputer-assisted instruction 615 0$aEmployees$xTraining of. 615 0$aEmployees$xTraining of$xComputer-assisted instruction. 676 $a658.3/124040285 700 $aAllen$b Michael W.$f1946-$0115773 801 0$bMiAaPQ 801 1$bMiAaPQ 801 2$bMiAaPQ 906 $aBOOK 912 $a9910825563803321 996 $aMichael Allen's guide to e-learning$94061903 997 $aUNINA